000 00643nam a2200265Ia 4500
005 20260306163612.0
008 008 260114s9999 xx 000 0 eng d
020 _a9781474476751
037 _aEBOOK
040 _aCRL
040 _beng
040 _cCRL
041 _2eng
041 _aeng
084 _qCRL
100 _aEl-azhari
_91128974
245 0 _aQueens, Eunuchs And Concubines In Islamic History, 661-1257
260 _bEdinburgh University Press
260 _c2020
650 _aSocial Work
856 _uhttps://academic.oup.com/book/34062
942 _cEBOOK
999 _c1710757
_d1710757